00498nam a2200193 a 4500001001300000003000900013005001700022008004100039020001000080082001500090100002200105245002100127260004900148300000900197500003500206505001000241650003100251700002200282nice12345678IN_TiNIC20260116011503.0050524s1958 lita grp 000 0 eng  ac10000a940.1bHOF aHoffman, Ross I S aMedieval History aLittlefield, Ames, LbAdam and Companyc1958 a175p aincludes index and biblioraphy2 aIndex aEurope-History-Middle Ages1 aHoffman, Ross I S